000 00676nam a22002177a 4500
999 _c1177
_d1177
003 AR-CdUCM
008 190226b ||||| |||| 00| 0 spa d
020 _a9681618971
040 _aMUNICIPALIDAD PROVINCIAL DEL CUSCO
_cBIBLIOTECA MUNICIPAL DEL CUSCO
082 _a869.15 /
_bD97
100 _aDueñas, Guadalupe
_94616
245 _aTiene la noche un árbol /
260 _aMéxico, D.F. :
_bFondo de Cultura Económica,
_c1958.
300 _a124 páginas ;
_c18 cm.
440 _aLecturas mexicanas.
_n82
_94617
650 _aLiteratura mexicana
_92532
650 _aCuentos mexicanos
_9413
650 _aCuentos siglo XX
_9414
942 _2ddc
_cLIBROS
945 _azta